00345nam a22001337a 4500003000400000005001700004008004100021020001800062040000900080082002200089245005000111260004100161300000900202OSt20210225131358.0210224b ||||| |||| 00| 0 eng d a9789351872856 coclc a332.110954bUNI/I aIBPS Clerk :bRecruitment of Clerical Cadre / aNew Delhi:bUnique Publishers,c2015 a303p